Quel est ce constructeur aéronautique ? - Statistiques

Statistiques générales
  • Ce quiz a été pris 19 fois
  • Le résultat moyen est 8 sur 30
Statistiques - réponses
Par images Réponse % Correct
Airbus
94%
Antonov
82%
ATR
71%
Boeing
65%
Embraer
65%
COMAC
47%
Bombardier
41%
McDonnell Douglas
29%
Soukhoï
29%
Beechcraft
24%
British Aerospace
18%
Cessna
18%
Dassault Aviation
18%
de Havilland Canada
18%
Dornier
18%
Fokker
18%
Gulfstream
18%
Lockheed
18%
Saab
18%
Sud-Aviation
18%
Tupolev
18%
de Havilland Aircraft Company
12%
Douglas
12%
Iliouchine
12%
Yakovlev
12%
Convair
6%
Hawker Siddeley
6%
Irkout
6%
NAMC
6%
Vickers
6%
Aucun quiz correspondant
Distribution des résultats
% des personnes avec chaque résultat
Percentile par nombre de réponses
Votre historique - résultats
Vous n’avez pas pris ce quiz